Informačný systém pre národné onkologické centrum = Information system for NOC : Dipl.práca

Gespeichert in:
Bibliographische Detailangaben
1. Verfasser: Biháry, Mário (Verfasst von)
Weitere Verfasser: Galbavý, Miroslav (Betreuung Doktorarbeit)
Format: Manuskript Buch
Sprache:Slowakisch
Veröffentlicht: Bratislava : STU v Bratislave FEI, 1998
Schlagworte:
Tags: Tag hinzufügen
Keine Tags, Fügen Sie das erste Tag hinzu!

MARC

LEADER 00000ntm a22000003a 4500
001 stu50149
005 20160719164919.1
008 990702s1998------------------------slo-d
040 |a STU  |b slo 
041 0 |a slo 
100 1 |a Biháry, Mário  |4 aut 
245 1 |a Informačný systém pre národné onkologické centrum = Information system for NOC :  |b Dipl.práca 
260 |a Bratislava :  |b STU v Bratislave FEI,  |c 1998 
300 |a 68 s, 34 s., príl. diskety 
650 7 |a informatika  |2 stusub 
700 1 |a Galbavý, Miroslav  |4 ths  |u E220  |U FEI Fakulta elektrotechniky a informatiky  |T FEI Katedra informatiky a výpočtovej techniky  |U E220  |Y 69 
996 |b EDIPL-5732  |c I*DIPL-5732  |l II680  |s A  |a 24  |w stu50149_0001